000
00334nam a2200133Ia 4500
008
240624s9999 xx 000 0 und d
041
_a
eng
082
_a
823 BHA
100
_a
BHADURI ABHIJIT
245
_a
MARRIED BUT AVAILABLE
260
_c
2008
_a
New Delhi
_b
HarperCollins
300
_a
ix, : 270 : p. : cm. ; 18
365
_c
RS
_b
25
999
_c
18620
_d
18620